[Event "Asia-ch U20"]
[Site "Jamshedpur"]
[Date "2023.09.12"]
[Round "6"]
[White "Lalitaditaayyanar, Boominathan"]
[Black "Thejas, K."]
[Result "1/2-1/2"]
[WhiteElo "1778"]
[BlackElo "1426"]
[PlyCount "142"]
[EventDate "2023.09.09"]
[EventType "swiss"]
[EventRounds "9"]
[EventCountry "IND"]
[SourceTitle "EXT 2024"]
[Source "ChessBase"]
[SourceDate "2023.10.10"]
[SourceVersion "1"]
[SourceVersionDate "2023.10.10"]
[SourceQuality "1"]

1. c4 Nf6 2. g3 g6 3. Bg2 Bg7 4. Nc3 0-0 5. e4 d6 6. Nge2 c5 7. 0-0 Nc6 8. d3 a6 9. h3 Nd7 10. a4 e6 11. Be3 Nd4 12. f4 Rb8 13. Bf2 Qe7 14. Rb1 b6 15. Nxd4 cxd4 16. Ne2 e5 17. b4 a5 18. bxa5 bxa5 19. Qd2 Rxb1 20. Rxb1 Nc5 21. Nc1 Nxa4 22. Qxa5 Bd7 23. Na2 f6 24. Rb7 Nc5 25. Rc7 Nxd3 26. Qa7 Nc5 27. Nb4 Qe8 28. Na6 Rf7 29. Nxc5 dxc5 30. Qxc5 Bf8 31. Qa5 Bd6 32. Ra7 Bb8 33. Rb7 Be6 34. Rxf7 Kxf7 35. fxe5 fxe5 36. Bf1 Qc6 37. Qd8 Qc8 38. Qh4 Kg7 39. Qe7+ Bf7 40. Be1 Qc7 41. Qb4 Ba7 42. Bd3 Qc5 43. Qa4 Qc7 44. Bd2 Bc5 45. Qa1 Qb7 46. Qc1 Qb3 47. Bh6+ Kg8 48. Qg5 Bf8 49. Bxf8 Kxf8 50. Bf1 Bxc4 51. Qd8+ Kg7 52. Qc7+ Bf7 53. Qxe5+ Kg8 54. Qxd4 Qxg3+ 55. Bg2 Qg5 56. e5 Be6 57. Kh2 Kg7 58. Qa7+ Kh6 59. Qc5 Qf4+ 60. Kh1 Kg7 61. Qe7+ Qf7 62. Qd6 Qd7 63. Bc6 Qxd6 64. exd6 Bxh3 65. d7 Bxd7 66. Bxd7 Kf6 67. Kg2 Kg5 68. Kg3 Kf6 69. Ba4 g5 70. Kg4 h6 71. Be8 Ke5 1/2-1/2

[Event "Asia-ch U20"]
[Site "Jamshedpur"]
[Date "2023.09.11"]
[Round "4"]
[White "Adireddy, Arjun"]
[Black "Lalitaditaayyanar, Boominathan"]
[Result "1-0"]
[WhiteElo "2057"]
[BlackElo "1778"]
[PlyCount "133"]
[EventDate "2023.09.09"]
[EventType "swiss"]
[EventRounds "9"]
[EventCountry "IND"]
[SourceTitle "EXT 2024"]
[Source "ChessBase"]
[SourceDate "2023.10.10"]
[SourceVersion "1"]
[SourceVersionDate "2023.10.10"]
[SourceQuality "1"]

1. e4 c5 2. Nf3 d6 3. d4 cxd4 4. Nxd4 Nf6 5. Nc3 a6 6. Be3 e5 7. Nf3 Be7 8. Bc4 Be6 9. Bb3 Nbd7 10. Bxe6 fxe6 11. Ng5 Nf8 12. Qf3 h6 13. Qh3 Qd7 14. 0-0-0 Ng6 15. Nxe6 Kf7 16. f4 Qxe6 17. f5 Qd7 18. fxg6+ Kxg6 19. Qf3 Rhf8 20. Qe2 Rac8 21. Qd3 Qe6 22. b3 Kh7 23. h3 Bd8 24. g4 Ba5 25. Ne2 Rc6 26. Kb1 b5 27. g5 hxg5 28. Bxg5 Rfc8 29. Rc1 Bd8 30. Rhf1 Kg8 31. Bxf6 Bxf6 32. c3 Kf7 33. Rf3 Ke7 34. Ng3 g6 35. Nf1 Bg5 36. Rc2 Kd7 37. h4 Bf4 38. Ne3 Rh8 39. Ng2 g5 40. hxg5 Bxg5 41. Ne3 Rcc8 42. Nd5 Rcf8 43. Rcf2 Rxf3 44. Qxf3 Kc6 45. Qf7 Rh1+ 46. Kb2 Qxf7 47. Rxf7 Bd8 48. Nb4+ Kc5 49. Nxa6+ Kb6 50. Nb4 Re1 51. Rd7 Bh4 52. Nd5+ Ka6 53. Rxd6+ Ka7 54. Nc7 Re2+ 55. Kb1 b4 56. cxb4 Rxe4 57. b5 Re1+ 58. Kc2 e4 59. a4 e3 60. Re6 Bg5 61. b6+ Kb7 62. a5 e2 63. a6+ Kc8 64. a7 Rc1+ 65. Kb2 e1Q 66. a8Q+ Kd7 67. Qe8# 1-0

[Event "Bhubaneswar op-A 14th"]
[Site "Bhubaneswar"]
[Date "2023.06.17"]
[Round "9"]
[White "Lalitaditaayyanar, Boominathan"]
[Black "Nishant, Abhijeet Jawalkar"]
[Result "1/2-1/2"]
[WhiteElo "1726"]
[BlackElo "1570"]
[PlyCount "62"]
[EventDate "2023.06.11"]
[EventType "swiss"]
[EventRounds "10"]
[EventCountry "IND"]
[SourceTitle "CBM 214 Extra"]
[Source "ChessBase"]
[SourceDate "2023.07.31"]
[SourceVersion "1"]
[SourceVersionDate "2023.07.31"]
[SourceQuality "1"]

1. c4 e5 2. Nc3 f5 3. d4 e4 4. Nh3 Nf6 5. Bg5 Be7 6. e3 0-0 7. Be2 d6 8. Nf4 c6 9. h4 h6 10. Bxf6 Bxf6 11. h5 Na6 12. Qd2 Nc7 13. Rc1 Rb8 14. 0-0 Ne6 15. Ng6 Re8 16. d5 Nc7 17. a3 cxd5 18. cxd5 Bd7 19. Rfd1 Rc8 20. g3 Na6 21. Qc2 Qb6 22. b4 Nc7 23. Qd2 Bxc3 24. Rxc3 a6 25. Rdc1 Nb5 26. Bxb5 Bxb5 27. Rxc8 Rxc8 28. Ne7+ Kf7 29. Nxc8 Qd8 30. Qc3 Bd7 31. Nxd6+ Kg8 1/2-1/2

[Event "Bhubaneswar op-A 14th"]
[Site "Bhubaneswar"]
[Date "2023.06.11"]
[Round "1"]
[White "Lalitaditaayyanar, Boominathan"]
[Black "Mehar, Chinna Reddy CH"]
[Result "1/2-1/2"]
[WhiteElo "1726"]
[BlackElo "2390"]
[PlyCount "60"]
[EventDate "2023.06.11"]
[EventType "swiss"]
[EventRounds "10"]
[EventCountry "IND"]
[SourceTitle "CBM 214 Extra"]
[Source "ChessBase"]
[SourceDate "2023.07.31"]
[SourceVersion "1"]
[SourceVersionDate "2023.07.31"]
[SourceQuality "1"]

1. c4 c6 2. Nf3 d5 3. d4 Nf6 4. g3 Bf5 5. Bg2 e6 6. Nc3 Nbd7 7. Qb3 Qb6 8. c5 Qc7 9. Bf4 Qc8 10. Nh4 Bg6 11. Nxg6 hxg6 12. Qd1 Nh5 13. Be3 Qc7 14. 0-0 Be7 15. b4 0-0 16. Rc1 Rfe8 17. Qd2 e5 18. dxe5 Nxe5 19. Bd4 Rad8 20. Rfd1 Bf6 21. Qc2 Nc4 22. e4 dxe4 23. Nxe4 Bxd4 24. Qxc4 Be5 25. f4 Bb2 26. Rb1 Rxd1+ 27. Rxd1 Nf6 28. Nd6 Re3 29. Qc2 Bc3 30. Nc4 Re1+ 1/2-1/2

[Event "IND-ch U16"]
[Site "New Delhi"]
[Date "2022.03.07"]
[Round "6"]
[White "Lalitaditaayyanar, Boominathan"]
[Black "Nagare, Kaivalya Sandip"]
[Result "0-1"]
[WhiteElo "1270"]
[BlackElo "1845"]
[PlyCount "48"]
[EventDate "2022.03.04"]
[EventType "swiss"]
[EventRounds "9"]
[EventCountry "IND"]
[SourceTitle "CBM 207 Extra"]
[Source "ChessBase"]
[SourceDate "2022.05.31"]
[SourceVersion "1"]
[SourceVersionDate "2022.05.31"]
[SourceQuality "1"]

1. c4 Nf6 2. Nc3 e6 3. e4 d5 4. e5 d4 5. exf6 dxc3 6. bxc3 Qxf6 7. d4 e5 8. Nf3 Nc6 9. Bg5 Qg6 10. Bd3 e4 11. Qe2 f5 12. Qe3 h6 13. Bh4 Be7 14. 0-0-0 Bxh4 15. Nxh4 Qg5 16. d5 Ne7 17. Bc2 Qxh4 18. Qc5 Qf4+ 19. Kb2 Qd6 20. Ba4+ Kf7 21. Qxd6 cxd6 22. c5 Rd8 23. c6 bxc6 24. dxc6 Be6 0-1